000 00813nam a2200253 i 4500
003 DO-SdBNP
005 20240712153614.0
006 a||||fr|||| 00| 0
007 ta
008 240712e1969 sp ad||| |||| 00| e spa d
040 _aDO-SdBNP
_bspa
_cBNPHU
_erda
082 4 _222
_bH632f
100 1 _aHidalgo, María del Consuelo
_920576
_eautora
245 1 0 _aFarmacia química /
_cMaría del Consuelo Hidalgo.
264 1 _aMadrid, España :
_bEditorial Alhambra, S. A.,
_c1969
300 _a649 páginas :
_bilustraciones, gráficas ;
_c24 cm.
336 _2rdacontent
_atexto
_btxt
337 _2rdamedia
_asin mediación
_bn
338 _2rdacarrier
_avolumen
_bnc
500 _aIncluye índice de materias.
590 _aInventariado 2024 / MF
650 4 _aFarmacia
_xMercadotecnia
_950292
942 _2ddc
_cLBS1
999 _c57288
_d57288